Számítógép alkalmazása a matematika tanításában
Elmentve itt :
| Szerző: | |
|---|---|
| Dokumentumtípus: | Könyv |
| Megjelent: |
2011
|
| Kulcsszavak: | matematika tanítása számítógép alkalmazása |
| Tárgyszavak: | |
| Online Access: | http://eta.bibl.u-szeged.hu/1787 |
| LEADER | 00860nnm a2200253 i 4500 | ||
|---|---|---|---|
| 001 | eta1787 | ||
| 005 | 20190204110347.0 | ||
| 008 | 190204s2011 hu o 0|| hun d | ||
| 040 | |a SZTE Elektronikus Tananyag Archívum |b hun | ||
| 041 | |a hun | ||
| 100 | 1 | |a Kovács Zoltán | |
| 245 | 1 | 0 | |a Számítógép alkalmazása a matematika tanításában |h [elektronikus dokumentum] / |c Kovács Zoltán |
| 260 | |c 2011 | ||
| 300 | |a 15 | ||
| 516 | |a Book | ||
| 650 | 4 | |a Természettudományok | |
| 650 | 4 | |a Matematika | |
| 650 | 4 | |a Számítás- és információtudomány | |
| 650 | 4 | |a Számítástudomány, információtudomány és bioinformatika | |
| 650 | 4 | |a Társadalomtudományok | |
| 650 | 4 | |a Oktatástudomány | |
| 695 | |a matematika tanítása | ||
| 695 | |a számítógép alkalmazása | ||
| 856 | 4 | 0 | |u https://eta.bibl.u-szeged.hu/1787/1/ZKovacs_3.pdf |z Dokumentum-elérés |